000 00677nam a2200229Ia 4500
003 BUBTL
008 151213s9999 xx 000 0 und d
020 _a0072318597
082 _a332.632/ B6323e/ 2001
100 _aBodie, Zvi
_93320
245 _aEssentials of Investments /
_cZvi Bodie, Alex Kane and Alan J. Marcus
250 _a4th
260 _aBoston
_bMcGraw hill
_cc2001
300 _a[xxx], 688p . :
_bill. Table ; 25cm .
500 _aIncludes Index
650 _aFinance
_93321
650 _aFinance
_93321
700 _aZvi Bodie, Alex Kane and Alan J. Marcus
_93320
856 _k0
_l0
_yDownload
942 _2ddc
_cBK
999 _c1072
_d1072